00969 a2200265 4500003000500000005001700005010001600022020001500038040000900053082001000062100002100072245010600093260004600199300003500245440004800280505013000328650003600458650002700494651001100521700001800532700002000550942001200570999001900582952010200601Nust20170207154030.0 a 98033392 a020130998X cNust00a005.11 aRumbaugh, James.14aThe unified modeling language reference manual (E-BOOK)cJames Rumbaugh, Ivar Jacobson, Grady Booch. aReading, Mass. :bAddison-Wesley,cc1999. axvii, 550 p. :bill. ;c25 cm. 4aThe Addison-Wesley object technology series aPart I: Background (Page-3), Part II: UML Concepts (Page-23), Part III: Reference (Page-113), Part IV: Appendices (Page-515), 0aComputer softwarexDevelopment. 0aUML (Computer science) aE-BOOK1 aBooch, Grady.1 aJacobson, Ivar. 2ddccBK c192086d192086 00102ddc40708NFICaMCSbMCSd2016-12-12l0o005.1 JAMpMCSEB-989r2016-12-08w2016-12-12yBK